000 00635cab a2200217 4500
001 WB3044-81
008 090401t1994 xxu||||| |||| 00| 0 eng d
035 _a(Sirsi) u10685
041 _aeng
245 _aSheep quota shock
260 _c1994
350 _a0
490 _aFarmers' Weekly
_v121(19) 18 November 1994, 7(1)
520 _aThousands of sheep farmers had expansion plans dashed when their application for national reserve quota were refused by MAFF.
650 _aLIVESTOCK QUOTAS
650 _aNATIONAL RESERVE QUOTA
650 _aSHEEP QUOTAS
690 _aRURAL PRACTICE
942 _n0
948 _c04/03/1997
999 _c6778
_d6778